Orthographes de "ver" - Mort subite - Statistiques

Statistiques générales
  • Ce quiz a été pris 1 745 fois
  • Le résultat moyen est 5 sur 7
Answers on the Grid
Answers color-coded by a green-red scale on the quiz's grid according to % correct below.
Verres
Verre
Vers
Vert
Vair
Verts
Vairs
Vère
Vaire
Vayres
Vères
Veyre
 
Statistiques - réponses
Réponse % Correct
Verre
93%
Vert
93%
Vers
91%
Verres
86%
Verts
83%
Vair
31%
Vairs
22%
Aucun quiz correspondant
Distribution des résultats
% des personnes avec chaque résultat
Percentile par nombre de réponses
Votre historique - résultats
Vous n’avez pas pris ce quiz